|
|
|
|
| LEADER |
00000nab a2200000 a 4500 |
| 001 |
vtls000742584 |
| 003 |
SK-MaSNL |
| 005 |
20260303162201.0 |
| 008 |
180206c2000 xo 0 slo |
| 015 |
|
|
|a SNBRB2001/01-02367
|
| 035 |
|
|
|a CLN000094422
|
| 040 |
|
|
|a SNKBUCL
|b slo
|c SNKBUCL
|e AACR2
|
| 041 |
0 |
|
|a slo
|
| 044 |
|
|
|a xo
|c SK
|
| 080 |
|
|
|a 368.3:336.767
|2 UDC-MRF-SK2
|
| 080 |
|
|
|a 336.714:336.767
|2 UDC-MRF-SK2
|
| 080 |
|
|
|a 336.767
|2 UDC-MRF-SK2
|
| 100 |
1 |
|
|a Fuzák, Ľuboš
|4 aut
|9 1185498
|
| 245 |
1 |
0 |
|a Unit linked product - budúcnosť životného poistenia
|c Ľuboš Fuzák
|
| 650 |
0 |
7 |
|a poistenie životné investičné
|2 snkbucl
|9 913605
|
| 650 |
0 |
7 |
|a podielové fondy
|2 snkbucl
|9 72082
|
| 655 |
|
7 |
|a články z novín a časopisov
|2 snkbucl
|9 267496
|
| 773 |
0 |
|
|x 1335-1044
|t Poistné rozhľady
|g Roč. 6, č. 6 (2000), s. 14
|
| 850 |
|
|
|a Slovenská národná knižnica v Martine
|
| 852 |
|
|
|a SNK
|b KIS3GCP
|
| 958 |
|
|
|a RBX
|
| 999 |
|
|
|c 2052549
|d 2054479
|